| 000 | 00458nam a2200193Ia 4500 | ||
|---|---|---|---|
| 008 | 170918s9999 xx 000 0 und d | ||
| 020 | _a9780439858595 | ||
| 050 | _bC913 2005 | ||
| 100 | _aCreech, Sharon | ||
| 245 | _aReplay / | ||
| 245 | _cSharon Creech ; starring Leonardo. | ||
| 260 | _aNew York : | ||
| 260 | _bScholastic, | ||
| 260 | _c2005 | ||
| 300 | _a180 pages : | ||
| 300 | _bcolored illustration ; | ||
| 300 | _c19cm. | ||
| 500 | _a850 | ||
| 999 |
_c342081 _d342081 |
||